Analýza marketingového prostredia BOZPO, s.r.o. diplomová práca

Gespeichert in:
Bibliographische Detailangaben
1. Verfasser: Markovičová, Ľubomíra
Körperschaft: Ekonomická univerzita v Bratislave. Fakulta podnikového manažmentu
Weitere Verfasser: Grančičová, Katarína, 1967-
Format: Buch
Sprache:Slowakisch
Veröffentlicht: Bratislava 2010
Tags: Tag hinzufügen
Keine Tags, Fügen Sie das erste Tag hinzu!

MARC

LEADER 00000nam a2200000 4500
001 0122438
005 20240318121724.7
041 0 |a slo 
044 |a SK 
245 1 0 |a Analýza marketingového prostredia BOZPO, s.r.o.  |b diplomová práca  |c Ľubomíra Markovičová ; škol. Katarína Grančičová 
264 1 |a Bratislava  |c 2010 
300 |a 86 s. 
100 1 |a Markovičová, Ľubomíra 
700 1 |a Grančičová, Katarína, 1967- 
710 2 |a Ekonomická univerzita v Bratislave. Fakulta podnikového manažmentu